Tình hình phát triển cây cà phê ở tỉnh Gia Lai giai đọan 2005 – 2011. Định hướng và giải pháp phát triển đến năm 2020
Khái quát cơ sở lí luận và cơ sở thực tiễn về tình hình phát triển cây cà phê. Tìm hiểu tình hình phát triển cây cà phê ở tỉnh Gia Lai giai đoạn 2005 -2011. Giải pháp và định hướng phát triển đến năm 2020.
Enregistré dans:
| Auteur principal: | |
|---|---|
| Autres auteurs: | |
| Format: | Livre |
| Langue: | Vietnamese |
| Publié: |
Đà Nẵng
Đại học Sư phạm, Đại học Đà Nẵng
2013
|
| Sujets: | |
| Tags: |
Ajouter un tag
Pas de tags, Soyez le premier à ajouter un tag!
|
| Thư viện lưu trữ: | Mạng thư viện Đại học Đà Nẵng |
|---|
| LEADER | 01753nam a2200337 4500 | ||
|---|---|---|---|
| 001 | 000018872 | ||
| 003 | 15307 | ||
| 005 | 20140120160108.0 | ||
| 008 | 140113s2013 viesd | ||
| 041 | |a vie | ||
| 082 | 1 | 4 | |a 910.13381 |b NI-H |
| 100 | 1 | |a Ninh Thị Hường | |
| 245 | 1 | 0 | |a Tình hình phát triển cây cà phê ở tỉnh Gia Lai giai đọan 2005 – 2011. Định hướng và giải pháp phát triển đến năm 2020 |c Ninh Thị Hường ; Nguyễn Thanh Tưởng hướng dẫn |k Khóa luận tốt nghiệp |
| 260 | |a Đà Nẵng |b Đại học Sư phạm, Đại học Đà Nẵng |c 2013 | ||
| 300 | |a 57 tr., phụ lục 5 tr. |b Hình mh. |c 29 cm. | ||
| 500 | |a Khóa luận tốt nghiệp đại học. Chuyên ngành: Cử nhân Địa lý - Môi trường | ||
| 520 | |a Khái quát cơ sở lí luận và cơ sở thực tiễn về tình hình phát triển cây cà phê. Tìm hiểu tình hình phát triển cây cà phê ở tỉnh Gia Lai giai đoạn 2005 -2011. Giải pháp và định hướng phát triển đến năm 2020. | ||
| 650 | 0 | 4 | |a Cây cà phê |v Khóa luận tốt nghiệp |x Nghiên cứu |y 2005-2020 |z Gia Lai |
| 653 | |a Khoa Địa lý | ||
| 653 | |a Cây cà phê | ||
| 700 | 1 | |a Nguyễn Thanh Tưởng |e Hướng dẫn | |
| OWN | |a LSP | ||
| AVA | |a UDN50 |b LSP |d 910.13381 NI-H |e available |t Error 5001 Not defined in file expand_doc_bib_avail. |f 1 |g 0 |h N |i 0 |k 1 | ||
| 999 | |a From the UDN01 | ||
| AVA | |a UDN50 |b LSP |d 910.13381 NI-H |e available |t Error 5001 Not defined in file expand_doc_bib_avail. |f 1 |g 0 |h N |i 0 |k 1 | ||
| TYP | |a Monograph | ||
| TYP | |a Printed language | ||
| 980 | |a Mạng thư viện Đại học Đà Nẵng | ||